000 01148njm a22002777a 4500
005 20100901115333.0
006 a|||||r|||||00| 0
007 sd ammalaaahaa
008 100901t xxu||||| |||| 00| 0 eng d
028 _aN 54018
_bHis Master Voice
035 _aGR-01010
040 _aSED
_cSED
100 _aBhosle, Asha
_917891
245 _aJadoo Mahal /
_cby Asha Bhosle [and] Usha Mangeshkar ; lyrices by Shevan Rizvi ; Musices by Bulo C. Rani
_h[Sound recording]
246 _aजादू महल / आशा भोसले
260 _aDUM DUM, India
_bHis Master Voice
300 _a1 Sound disc [Gramophone Recording] :
_banalog, 33 1/3 rpm
_c9.5 in. (MP)
_fGramophone Record
500 _aBrief record
505 _aSide-1 जब मुरली बजे जमुना पे (Jab murli baje jmuna pe) (Asha Bhosle)
650 _aClassical music
_xExcerpts
_zIndia
_917892
700 _aMangeshkar, Usha
_918579
700 _aRani, Bulo C.
_918709
700 _aRizvi, Shevan
_918710
942 _2ddc
_cGR
999 _c44200
_d44200